000 01020nam a2200265Ia 4500
003 OSt
005 20221005104521.0
006 a|||||r|||| 00| 0
007 ta
008 221004b |||||||| |||| 00| 0 hin d
020 _a9789381945186 (hbk)
_cINR 250.00
024 _a29451
037 _b279, 03/03/2017, Eastern Book Linkers
_cTextual
040 _aCRL
_cCRL
_bhin
041 _2hin
_ahin
082 _aV2y7M69, 152Q2
100 _aश्रोत्रिय, प्रभाकर, ले.
245 0 _aहिन्द स्वराज
_b हर पल युगारंभ
246 _aHinda svarāja: har pal yugāranbha
260 _aदिल्ली
_bयश पब्लिकेशन्स भारत
_c2012
300 _a124पृ0
_ccm.
650 _aभारत-इतिहास
_9156353
942 _hV2y7M69, 152Q2
_cTEXL
_2cc
999 _c1012954
_d1012954